Osmanlı dönemi kısa Girit tarihi/ (Record no. 14372)

MARC details
000 -BAŞLIK
Sabit Uzunlukta Kontrol Alanı 00853nam a22002417a 4500
999 ## - SİSTEM KONTROL NUMARALARI (KOHA)
Koha Biblionumber 14372
Koha Biblioitemnumber 14372
003 - KONTROL NUMARASI IDENTIFIER
Denetim Alanı MIRAKIL
005 - SON İŞLEM TARİHİ VE ZAMANI
Denetim Alanı 20220422134615.0
008 - SABİT-BOY VERİ ELEMANLARI - GENEL BİLGİLER
Sabit Uzunlukta Kontrol Alanı 210407b tu ||||| |||| 00| 0 tur d
020 ## - ULUSLARARASI STANDART KİTAP NUMARASI
Uluslararası Standart Kitap Numarası 9786254052873
040 ## - KATALOGLAMA KAYNAK
Orijinal Kataloglama Ajansı TR-AnCHP
Metne Dönüştürmek Ajansı TR-AnCHP
041 ## - DİL KODU
Metin / Ses Parça Veya Ayrı Başlığın Dil Kodu Tur
082 ## - DEWEY ONLU SINIFLANDIRMA NUMARASI
Sınıflandırma Numarası 949.98
Ürün Numarası A24o 2021
100 ## - ANA GİRİŞ - KİŞİSEL İSİM
Kişisel Ad Adıyeke, Ayşe Nukhet
245 10 - BAŞLIK TABLOSU
Başlık Osmanlı dönemi kısa Girit tarihi/
Sorumluluk Tablosu, Vb Ayşe Nukhet Adıyeke , Nuri Adıyeke.
260 ## - YAYIN, DAĞITIM, VB
Yayın, Dağıtım, Vb Yeri İstanbul:
Yayıncı, Dağıtıcı, Vs Adı Türkiye İş Bankası Kültür Yayınları,
Yayın, Dağıtım, Vb Tarihi 2021.
300 ## - FİZİKSEL TANIM
Kapsam 406 s.:
Diğer Fiziksel Ayrıntıları fotg.;
Boyutlar 23 sm.
490 0# - SERİSİ TABLOSU
Seri Beyanı Türkiye İş Bankası Kültür Yayınları;
Hacim / Ardışık Tanımı Genel Yayın: 5073.
504 ## - KAYNAKÇA VB NOT
Kaynakça Vb Notu Kaynakça ve dizin vardır.
650 #4 - KONU KATMA GİRİŞ - TOPİKAL DÖNEM
9 (RLIN) 1099
Topikal Süreli Veya Coğrafi Ad Giriş Elemanı Tarih
Genel Alt Bölümü Girit
Kronolojik Alt Bölümü Osmanlı İmparatorlu dönemi
651 #0 - KONU KATMA GİRİŞ - COĞRAFİ ADI
9 (RLIN) 7054
Coğrafi İsim Girit
Genel Alt Bölümü Tarih
Kronolojik Alt Bölümü Osmanlı İmparatorluğu dönemi
700 ## - KATMA GİRİŞ - KİŞİSEL İSİM
9 (RLIN) 6688
Kişisel Ad Adıyeke, Nuri
942 ## - EKLENDİ GİRİŞ ELEMANLARI (KOHA)
Sınıflandırma Veya Raf Düzeni Kaynak Dewey Decimal Classification
Koha Öğesi Türü Books
Holdings
Kalıcı Konum Mevcut Konum Edinme Tarihi Toplam Check-Out'Lar Tam Çağrı Numarası Barkod Tarih Son Görülme İtibaren Geçerli Fiyatlar Koha Öğesi Türü
CHP Kütüphanesi CHP Kütüphanesi 04/07/2021   949.98 A24o 2021 020401 04/07/2021 04/07/2021 Books